| 000 | 00525nam a22001937a 4500 | ||
|---|---|---|---|
| 003 | PILC | ||
| 005 | 20151028082823.0 | ||
| 008 | 130920t xxu||||| |||| 00| 0 eng d | ||
| 020 | _a0022441786 | ||
| 050 |
_aPZ 7 _b.Uc17 |
||
| 082 |
_aGS 415 _b A1 1996 |
||
| 100 |
_aAoki, Elaine Mei _921047 |
||
| 245 |
_aWrite Idea! _cElaine Mei Aoki. _bintegrated writing and grammar |
||
| 260 |
_aNew York : _bMacmillan/Mcgraw Hill _c1996. |
||
| 300 |
_a430 p. _bill . _c30 cm. |
||
| 942 |
_2lcc _cBK |
||
| 999 |
_c11754 _d11754 |
||